00497nam a2200193 a 4500001001300000003000900013005001700022008004100039020001000080082001600090100001600106245001800122260005400140300000800194500003500202505001000237650004000247700001600287nice12345678IN_TiNIC20260116012431.0050524s0000 hyda grp 000 0 urd  ac10000a297.55bABU aAbu Yusuf,  aJalwa-I-Haram aHyderabad bMarkazi Anjuman Taleemus Salat c0000 a68p aincludes index and biblioraphy2 aindex aMuslim Pilgrims and Pilgrimages-Sau1 aAbu Yusuf,